| 000 | 00564nam a2200181Ia 4500 | ||
|---|---|---|---|
| 008 | 090630s9999 xx 000 0 und d | ||
| 082 | _b17791 | ||
| 100 | _aसाने गुरुजी. | ||
| 245 |
_aविश्राम. _cसाने गुरुजी. |
||
| 260 |
_bकॉन्टीनेंटल. _c1998 |
||
| 300 | _a140 | ||
| 600 | _aसाने गुरुजी. | ||
| 630 | _aविश्राम. | ||
| 655 | _aलघुकथा. | ||
| 700 | _aसाने गुरुजी. | ||
| 730 | _aविश्राम. | ||
| 942 | _cBOOK | ||
| 999 |
_c269647 _d269647 |
||